| 000 | 00786 a2200193 4500 | ||
|---|---|---|---|
| 005 | 20240802152806.0 | ||
| 010 | _aB-758965 | ||
| 020 |
_a9788190508995 _c200.00 |
||
| 035 | _aB-758965 | ||
| 037 | _bउपहार | ||
| 082 | _aक | ||
| 100 |
_aनूर जहीर _969362 |
||
| 245 |
_aपत्थर के सैनिक/ _cनूर जहीर |
||
| 260 |
_aदिल्ली _bओजस्वी प्रकाशन _c2013 |
||
| 270 |
_a1/11466 ए सुभाष पार्क एक्सटेंशन नवीन शाहदरा _bदिल्ली _e110032 |
||
| 300 |
_a160 पृष्ठ.; _c22cm. (साजिल्द) |
||
| 942 |
_adpl _cCH _2ddc _hक _mनूरज |
||
| 999 |
_c202708 _d202708 |
||